Fundamentals of Remote Sensing (Record no. 535046)

000 -LEADER
fixed length control field 00309nam a22001217a 4500
040 ## - CATALOGING SOURCE
Transcribing agency MSOHAIL
082 ## - DEWEY DECIMAL CLASSIFICATION NUMBER
Classification number 621.3678
Author Mark BHA
100 ## - MAIN ENTRY--PERSONAL NAME
Personal name S. C. Bhatia
9 (RLIN) 29540
245 ## - TITLE STATEMENT
Title Fundamentals of Remote Sensing
260 ## - PUBLICATION, DISTRIBUTION, ETC.
Place of publication, distribution, etc. Atlantic Publishers & Distributors Pvt Ltd
Date of publication, distribution, etc. c2018
300 ## - PHYSICAL DESCRIPTION
Extent 552;pxv
942 ## - ADDED ENTRY ELEMENTS (KOHA)
Source of classification or shelving scheme
Koha item type Book
Holdings
Withdrawn status Lost status Source of classification or shelving scheme Damaged status Not for loan Permanent Location Current Location Date acquired Total Checkouts Full call number Barcode Date last seen Date last checked out Price effective from Koha item type
          School of Civil and Environmental Engineering (SCEE) School of Civil and Environmental Engineering (SCEE) 08/27/2020 1 621.3678 BHA NIT-13104 01/27/2025 11/19/2024 08/27/2020 Book
© 2023 Central Library, National University of Sciences and Technology. All Rights Reserved.